Movies Quiz

Random Movies or Quote Quiz

Movie First and Last Lines Quiz Stats

 Plays Quiz not verified by Sporcle

Challenge
Share
Tweet
Embed
Score 0/43 Timer 10:00
0 Plays Today
Line Movie % Correct
People are always asking me if I know Tyler Durden.Fight Club
84.5%
That'll do, pig. That'll do.Babe
78.9%
Louis, I think this is the beginning of a beautiful friendship.Casablanca
77.6%
Roads? Where we're going, we don't need roads.Back to the Future
75.9%
Please, sir. I want some more.Oliver!
75.4%
I am Gunnery Sergeant Hartman, your senior drill instructor. From now on, you will speak only when spoken to, and the first and last words out of your filthy sewers will be 'Sir!'Full Metal Jacket
71.9%
All right, Mr. DeMille, I'm ready for my close-up.Sunset Boulevard
69%
I owe everything to George Bailey... Help him, dear Father.It's a Wonderful Life
69%
As far back as I can remember, I always wanted to be a gangster.Goodfellas
67.2%
They'll see and they'll know and they'll say, 'Why, she wouldn't even harm a fly'...Psycho
65.5%
I'll go home, and I'll think of some way to get him back. After all, tomorrow is another day!Gone with the Wind
65.5%
I was 12 going on 13 the first time I saw a dead human being.Stand by Me
65.5%
The greatest trick the devil ever pulled was convincing the world he didn't exist. And like that – poof – he's gone!The Usual Suspects
58.6%
And all... that... jazz! That jazz!Chicago
56.9%
Well, nobody's perfect!Some Like It Hot
55.2%
We were somewhere around Barstow on the edge of the desert when the drugs began to take hold.Fear and Loathing in Las Vegas
53.4%
Three billion human lives ended on August 29, 1997.Terminator 2: Judgment Day
49.1%
No, it's not like that at all. He's my brother.Return of the Jedi
40.4%
Choose life. Choose a job. Choose a career. Choose a family...Trainspotting
39.7%
Last night I dreamt I went to Manderley again.Rebecca
32.8%
Norman. Come here. Come here, Norman. Hurry up. The loons! The loons! They're welcoming us back.On Golden Pond
29.3%
The stuff that dreams are made of.The Maltese Falcon
29.3%
Line Movie % Correct
What can you say about a 25-year-old girl who died?Love Story
28.1%
There may be tyrants and murderers, and for a time, they may seem invincible, but in the end, they always fail. Think of it: always.Gandhi
25.9%
Mother of mercy! Is this the end of Rico?Little Caesar
22.8%
We're the people that live. They can't wipe us out. They can't lick us. And we'll go on forever, Pa...'cause we're the people.The Grapes of Wrath
21.1%
Next subject, Kowalski, Leon, engineer, waste disposal, file section, new employees, six days.Blade Runner
21.1%
You know, they're totally irrational and crazy and absurd and—but, uh, I guess we keep goin' through it because most of us need the eggs.Annie Hall
19%
Come on, boys! The way you're lolly-gaggin' around here with them picks and them shovels, you'd think it was 120 degrees. Can't be more than 114.Blazing Saddles
19%
Oh, Jerry, don’t let’s ask for the moon. We have the stars.Now, Voyager
17.2%
And at that moment, as if by a miracle, the sick no longer died, and the stifling shadow of the vampire vanished with the morning sun.Nosferatu
17.2%
What came first, the music or the misery?High Fidelity
13.8%
All right, Curly, enough's enough. You can't eat the Venetian blinds. I just had 'em installed on Wednesday.Chinatown
12.3%
Greetings, my friends! We are all interested in the future, for that is where you and I are going to spend the rest of our lives.Plan 9 From Outer Space
10.5%
I never knew the old Vienna before the war, with its Strauss music, its glamour and easy charm – Constantinople suited me better.The Third Man
10.3%
Hunger strike, eh? How long has this been going on?It Happened One Night
10.3%
Between the time when the oceans drank Atlantis, and the rise of the sons of Aryas, there was an age undreamed of.Conan the Barbarian
8.6%
Hey boys, boys, boys, let's watch the cigarette butts, shall we? This is my house, not a pigsty.The Odd Couple
8.6%
I'm not a cabdriver, I'm a coffeepot.Arsenic and Old Lace
8.6%
And I felt His voice take the sword out of my hand.Ben-Hur
6.9%
You've got them mixed up! You're making a mistake. You're making a mistake with the reindeer.Miracle on 34th Street
6.9%
All right! Saddle up! Let's get back in the war!Sands of Iwo Jima
5.3%
'What happened to the old bank? It was beautiful.' 'People kept robbing it.'Butch Cassidy and the Sundance Kid
5.2%

You're not logged in!

Compare scores with friends on all Sporcle quizzes.
OR
Log In

You Might Also Like...

Show Comments

Extras

Top Quizzes Today


Score Distribution

Your Account Isn't Verified!

In order to create a playlist on Sporcle, you need to verify the email address you used during registration. Go to your Sporcle Settings to finish the process.

Report this User

Report this user for behavior that violates our Community Guidelines.

Details: